=LDR 00000nam 2200000 4500 =001 INLIS000000000059898 =005 20211215075745 =035 ##$$a 0010-1221000125 =007 ta =008 211215###########################0#ind## =020 ##$$a 979-9392-27-6 =082 ##$$a 297.103 =084 ##$$a 297.103 Ahs k =245 1#$$a Kamus Ilmu Al-Qur'an /$c Drs. Ahsin W. Al-Hafizd,MA. =300 ##$$a vii, 328 halaman ; $c 22 cm. =650 #4$$a Al-Qur'an - Kamus =264 ##$$a jakarta :$b Hamzah,$c 2006 =336 ##$$a teks$2 rdacontent =337 ##$$a lain-lain$2 rdamedia =338 ##$$a lain-lain$2 rdacarrier =990 ##$$a 35373537